Normal view
MARC view
- Clabrese, Steven
Entry Personal Name
001 - CONTROL NUMBER
- control field: 118043
003 - CONTROL NUMBER IDENTIFIER
- control field: NUST
005 - DATE AND TIME OF LATEST TRANSACTION
- control field: 20230919150015.0
008 - FIXED-LENGTH DATA ELEMENTS
- fixed length control field: 230919|| aca||aabn | a|a d
040 ## - CATALOGING SOURCE
- Original cataloging agency: NUST
- Transcribing agency: NUST
100 ## - HEADING--PERSONAL NAME
- Personal name: Clabrese, Steven
670 ## - SOURCE DATA FOUND
- Source citation: Work cat.: (NUST)599660: Clabrese, Steven , Practical controls: a guide to mechanical systems / , 2019-09-27
